000
00209 a2200097 4500
001
44540
100
_a
Steel
245
_a
Model Mechanical Engineering
260
_a
London
_b
Cassell
_c
090
_c
28262
_d
28262
942
_a
NUST-CAE
_c
M
_c
20294
999
_c
279613
_d
279613